| Tag |
First Indicator |
Second Indicator |
Subfields |
| LEADER |
00000cam a2200000 a 4500 |
| 001 |
in00001212421 |
| 005 |
20151002075709.0 |
| 008 |
940829s1994 gw 101 0 eng |
| 010 |
|
|
|a 94032622
|
| 020 |
|
|
|a 3540584943 :
|c DM86.00
|
| 020 |
|
|
|a 0387584943 (New York)
|
| 035 |
|
|
|a (OCoLC)31286320
|
| 035 |
|
|
|9 AGP3382AM
|
| 040 |
|
|
|a DLC
|c DLC
|d RRR
|d TXA
|d UtOrBLW
|
| 049 |
|
|
|a TXAM
|
| 050 |
0 |
0 |
|a TK5105.5
|b .I93 1994
|
| 082 |
0 |
0 |
|a 006.6
|2 20
|
| 111 |
2 |
|
|a IWACA '94
|n (2nd :
|d 1994 :
|c Heidelberg, Germany)
|
| 245 |
1 |
0 |
|a Multimedia :
|b advanced teleservices and high-speed communication architectures : second international workshop, IWACA '94, Heidelberg, Germany, September 26-28, 1994 : proceedings /
|c Ralf Steinmetz, ed.
|
| 264 |
|
1 |
|a Berlin ;
|a New York :
|b Springer-Verlag,
|c [1994]
|
| 264 |
|
4 |
|c ©1994
|
| 300 |
|
|
|a x, 449 pages :
|b illustrations ;
|c 24 cm.
|
| 336 |
|
|
|a text
|b txt
|2 rdacontent
|
| 337 |
|
|
|a unmediated
|b n
|2 rdamedia
|
| 338 |
|
|
|a volume
|b nc
|2 rdacarrier
|
| 490 |
1 |
|
|a Lecture notes in computer science ;
|v 868
|
| 504 |
|
|
|a Includes bibliographical references and index.
|
| 650 |
|
0 |
|a Computer networks
|v Congresses.
|
| 650 |
|
0 |
|a Telecommunication systems
|v Congresses.
|
| 650 |
|
0 |
|a Telematics
|x Congresses.
|
| 700 |
1 |
|
|a Steinmetz, Ralf.
|
| 830 |
|
0 |
|a Lecture notes in computer science ;
|v 868.
|
| 999 |
|
|
|a MARS
|
| 999 |
f |
f |
|s e5fb740b-a164-37d1-a943-f0e49ff9b4af
|i d1ddcc81-5a3b-3225-826b-2ce9e1abe750
|t 0
|
| 952 |
f |
f |
|p ric
|a Texas A&M University
|b Rellis Campus
|c Joint Library Facility
|d Remote Storage
|t 0
|e TK5105.5 .I93 1994
|h Library of Congress classification
|i unmediated -- volume
|m A14818567194
|
| 998 |
f |
f |
|a TK5105.5 .I93 1994
|t 0
|l Remote Storage
|